A Textbook of Engineering Drawing : (Record no. 753)

000 -LEADER
fixed length control field 00698nam a2200241 a 4500
008 - FIXED-LENGTH DATA ELEMENTS--GENERAL INFORMATION
fixed length control field 191028r20012010ii a|||g |||| 00| 0 eng d
020 ## - INTERNATIONAL STANDARD BOOK NUMBER
International Standard Book Number 9788185749624
Terms of availability Rs. 325.00
040 ## - CATALOGING SOURCE
Original cataloging agency IMU Kochi Library
Language of cataloging eng
041 0# - LANGUAGE CODE
Language code of text/sound track or separate title eng
044 ## - COUNTRY OF PUBLISHING/PRODUCING ENTITY CODE
MARC country code India
082 04 - DEWEY DECIMAL CLASSIFICATION NUMBER
Edition number 23
Classification number 604.2
Item number G4101
100 1# - MAIN ENTRY--PERSONAL NAME
Personal name Gill, P. S.
245 10 - TITLE STATEMENT
Title A Textbook of Engineering Drawing :
Sub Title Geometrical Drawing /
250 ## - EDITION STATEMENT
Edition statement 11th ed.
260 ## - PUBLICATION, DISTRIBUTION, ETC. (IMPRINT)
Place of publication, distribution, etc New Delhi :
Name of publisher, distributor, etc S. K. Kataria & Sons,
Date of publication, distribution, etc 2001, reprinted 2010
300 ## - PHYSICAL DESCRIPTION
Extent 710 p. :
Other physical details ill. ;
Dimensions 24 cm.
650 #0 - SUBJECT ADDED ENTRY--TOPICAL TERM
Topical term or geographic name as entry element Mechanical drawing
General subdivision Engineering drawings
Form subdivision Textbooks
650 #0 - SUBJECT ADDED ENTRY--TOPICAL TERM
Topical term or geographic name as entry element Geometrical drawing
General subdivision Textbooks
650 #0 - SUBJECT ADDED ENTRY--TOPICAL TERM
Topical term or geographic name as entry element Projection
852 ## - LOCATION/CALL NUMBER
Location IMU Kochi Library
904 ## - LOCAL DATA ELEMENT D, LDD (RLIN)
CATALOGER Shine Joy
942 ## - ADDED ENTRY ELEMENTS (KOHA)
Item type Books
Holdings
Withdrawn status Lost status Source of classification or shelving scheme Damaged status Not for loan Collection code Permanent location Current location Shelving location Date acquired Source of acquisition Cost, normal purchase price Full call number Barcode Date last seen Koha item type Public note
          Engineering IMU Kochi Library IMU Kochi Library General Stacks 2011-12-30 M/S Arunima Book Distributors (Inv. No. ABD-103 Dt 2011-12-30) 325.00 604.2 G4101 BK000208 2019-10-28 Books Gen. Shelf-11, Row-1
          Engineering IMU Kochi Library IMU Kochi Library General Stacks 2010-10-25 M/S Educational Publishers & Distributors (Inv. No. IN117 Dt 2010-10-25) 325.00 604.2 G4101 BK000119 2019-10-28 Books Gen. Shelf-11, Row-1


Copyright © All Rights Reserved by Indian Maritime University, Kochi Campus.
For any Suggestions/Query Contact to library or Email: library.kochi@imu.ac.in Ph:(0484)-2989402
(Web OPAC Designed by Rudra Ranjan. Maintained by IMU Kochi Library)

Powered by Koha